000 00636nam a22002057a 4500
999 _c15355
_d15355
003 AR-CdUCM
008 190426b ||||| |||| 00| 0 spa d
040 _aMUNICIPALIDAD PROVINCIAL DEL CUSCO
_cBIBLIOTECA MUNICIPAL DEL CUSCO
082 _aEP / 372 /
_bY26
100 _aYanrong, Wang
_929418
245 _aNuestro vecinos los pajaros /
260 _aBeijing :
_bZhaohua,
_c1984.
300 _a27 paginas ;
_bIlustraciones, graficos, dibujos
_c25 cm.
500 _aCuentos para niƱos
650 _aCuentos
_9312
650 _aHistorias
_92725
700 _aDaisheng, Wu
_930783
942 _2ddc
_cLIBROS
945 _apjha
_d2019-04-26